|
|
|
|
| LEADER |
00000nab a2200000ua 4500 |
| 001 |
vtls010818891 |
| 003 |
SK-MaSNL |
| 005 |
20260304020822.0 |
| 008 |
230222s2010 xo |||||||||||||||||slo| |
| 035 |
|
|
|a (urnnbn)urn:nbn:sk:snk:ar-a05u92
|
| 035 |
|
|
|a urn:nbn:sk:snk-ab5mp1
|
| 035 |
|
|
|a (uuid)4ba2bd49-4854-4c60-ad0c-d0247bcc9791
|
| 040 |
|
|
|a SNKBUCL
|b slo
|c SNKBUCL
|e AACR2
|
| 041 |
0 |
|
|a slo
|
| 044 |
|
|
|a xo
|c SK
|
| 100 |
1 |
|
|a Rovenský, Jozef,
|d 1943-2024
|4 aut
|9 189097
|
| 245 |
1 |
0 |
|a NOVÁ CIEĽOVÁ TERAPIA PROTI B-BUNKOVÉMU STIMULÁTORU PRI SYSTÉMOVOM LUPUS ERYTHEMATOSUS
|c J. Rovenský, S. Blažíčková
|
| 246 |
3 |
|
|a NEW TARGET THERAPY AGAINST B CELL STIMULATOR IN SYSTEMIC LUPUS ERYTHEMATOSUS
|
| 700 |
1 |
|
|a Blažíčková, Stanislava,
|d 1965-
|4 aut
|9 197975
|
| 773 |
0 |
|
|t Rheumatologia : časopis pre otázky pohybového ústrojenstva a spojiva
|g Roč. 24, č. 2 (2010), s. [59]-62
|
| 954 |
|
|
|a odborná, vedecká literatúra pôvodná (slovenská)
|2 lita
|
| 958 |
|
|
|a OND
|
| 958 |
|
|
|a EUIPO
|
| 958 |
|
|
|a article5
|
| 999 |
|
|
|c 2601302
|d 2603232
|